000 00343nam a22001457a 4500
020 _a9781524757854
027 _qPB
040 _cNUST
082 _a378.1662
_bSAT
100 _aSAT PREMIUM /
_923450
245 _aCRACKING THE SAT PREMIUM 2019 \
260 _bPENGUIN RANDOM HOUSE,
_c2019.
300 _a794 p. ;
_c28cm.
942 _2ddc
_cBK
999 _c530100
_d530100